[Event "Goch op 19th"]
[Site "Goch"]
[Date "2008.10.12"]
[Round "6"]
[White "Stefkovic, Marijan"]
[Black "Elser, Niklas"]
[Result "1-0"]
[WhiteElo "2146"]
[BlackElo "1863"]
[PlyCount "115"]
[EventDate "2008.10.09"]
[EventType "swiss"]
[EventRounds "7"]
[EventCountry "GER"]
[SourceTitle "EXT 2011"]
[Source "ChessBase"]
[SourceDate "2010.11.26"]
[SourceVersion "1"]
[SourceVersionDate "2010.11.26"]
[SourceQuality "1"]

1. d4 Nf6 2. Nf3 c5 3. g3 cxd4 4. Nxd4 e5 5. Nb3 Be7 6. Bg2 0-0 7. Nc3 Nc6 8. 0-0 d6 9. Bg5 Be6 10. e4 a6 11. Qd2 b5 12. Bxf6 Bxf6 13. Nd5 Bg5 14. f4 exf4 15. gxf4 Bh6 16. Ne3 Qb6 17. Kh1 Ne5 18. Qf2 Bc4 19. Nf5 Qxf2 20. Nxh6+ gxh6 21. Rxf2 Ng4 22. Rd2 Rae8 23. Nd4 Nf6 24. b3 Be6 25. Re1 Bc8 26. Rde2 Nh5 27. Rf1 Bg4 28. Ree1 Rc8 29. Re3 Rc5 30. f5 Nf6 31. h3 Bh5 32. Rfe1 Rfc8 33. e5 dxe5 34. Rxe5 Rxe5 35. Rxe5 Bd1 36. Nc6 Kf8 37. c3 Bc2 38. Kh2 Nd7 39. Rd5 Nb6 40. Rd6 Bb1 41. Ne5 Re8 42. Ng4 Nc8 43. Rxa6 Re2 44. Kg3 h5 45. Nf6 Rxa2 46. Rxa2 Bxa2 47. b4 Nd6 48. Kf4 Bb1 49. Be4 Bxe4 50. Nxe4 Ke7 51. Nxd6 Kxd6 52. Ke4 h4 53. Kd4 f6 54. Ke4 Kc6 55. Kd4 h6 56. c4 h5 57. cxb5+ Kxb5 58. Kd5 1-0

[Event "Goch op 19th"]
[Site "Goch"]
[Date "2008.10.11"]
[Round "4"]
[White "Markgraf, Jonas"]
[Black "Elser, Niklas"]
[Result "1-0"]
[WhiteElo "2086"]
[BlackElo "1863"]
[PlyCount "129"]
[EventDate "2008.10.09"]
[EventType "swiss"]
[EventRounds "7"]
[EventCountry "GER"]
[SourceTitle "EXT 2011"]
[Source "ChessBase"]
[SourceDate "2010.11.26"]
[SourceVersion "1"]
[SourceVersionDate "2010.11.26"]
[SourceQuality "1"]

1. e4 c5 2. d4 cxd4 3. c3 e5 4. Nf3 Nc6 5. cxd4 exd4 6. Nxd4 Bc5 7. Nb3 Bb6 8. Nc3 Qf6 9. Qd2 Nge7 10. Bb5 0-0 11. 0-0 a6 12. Be2 Qe5 13. Qf4 f5 14. Qxe5 Nxe5 15. Bg5 N7g6 16. Nd5 Ba7 17. Be7 Rf7 18. Bd6 fxe4 19. Rac1 Nc6 20. Nc7 Rb8 21. Bc4 b5 22. Bxf7+ Kxf7 23. Nc5 Nd4 24. Rfe1 Rb6 25. Nxe4 Bb7 26. Bc5 Rc6 27. Bxd4 Bxd4 28. Rxc6 Bxc6 29. Nd6+ Kf6 30. Nce8+ Kg5 31. Nf7+ Kf4 32. b3 d5 33. Ned6 Bc3 34. Rd1 d4 35. h3 Be4 36. f3 Bd5 37. Kf2 Bxf7 38. Nxf7 Ne7 39. g3+ Kf5 40. Nd6+ Ke5 41. Ne4 b4 42. Nc5 a5 43. Nd3+ Kd6 44. Nf4 Kc6 45. Ne6 Kd5 46. Nxg7 a4 47. Nh5 Kc5 48. Nf4 Nf5 49. Nd3+ Kb5 50. f4 Ne3 51. Rc1 a3 52. g4 Nd5 53. f5 Kc6 54. g5 Kd6 55. f6 Ke6 56. Rc2 h6 57. h4 Kf7 58. Ne5+ Kf8 59. Kf3 hxg5 60. hxg5 Kg8 61. f7+ Kg7 62. g6 Ne7 63. Rg2 d3 64. Nd7 Nxg6 65. f8Q+ 1-0

[Event "GER-ch Net qual4 U25"]
[Site "Playchess.com INT"]
[Date "2008.06.11"]
[Round "4"]
[White "Elser, Niklas"]
[Black "Haecker, Alexander"]
[Result "1/2-1/2"]
[WhiteElo "1858"]
[BlackElo "2234"]
[PlyCount "70"]
[EventDate "2008.06.11"]
[EventType "swiss (blitz)"]
[EventRounds "7"]
[EventCountry "GER"]
[SourceTitle "CBM 124 Extra"]
[Source "ChessBase"]
[SourceDate "2008.07.03"]
[SourceVersion "1"]
[SourceVersionDate "2008.07.03"]
[SourceQuality "1"]

1. e4 e6 2. Nf3 d5 3. exd5 exd5 4. c4 Nf6 5. cxd5 Nxd5 6. Nc3 Be6 7. d4 Be7 8. Bd3 c6 9. 0-0 0-0 10. Re1 Nd7 11. Ne4 h6 12. a3 N7f6 13. Nc5 Bxc5 14. dxc5 Ne7 15. Qc2 Qd5 16. Bf4 Rfe8 17. Bd6 Nc8 18. Re5 Qb3 19. Qd2 Nxd6 20. cxd6 Rad8 21. Nd4 Qb6 22. Nxe6 Rxe6 23. Rxe6 fxe6 24. Bc4 Nd5 25. d7 Rxd7 26. Qe2 c5 27. Rd1 Qd6 28. Qf3 Qe5 29. h3 Qf6 30. Qe4 Qf7 31. Re1 Rd6 32. Bd3 Nf6 33. Qe3 b6 34. Bc4 Nd5 35. Qe4 Qd7 1/2-1/2

[Event "GER-ch Net qual4 U25"]
[Site "Playchess.com INT"]
[Date "2008.06.11"]
[Round "2"]
[White "Elser, Niklas"]
[Black "Hoffmann, Paul"]
[Result "0-1"]
[WhiteElo "1858"]
[BlackElo "2312"]
[PlyCount "51"]
[EventDate "2008.06.11"]
[EventType "swiss (blitz)"]
[EventRounds "7"]
[EventCountry "GER"]
[SourceTitle "CBM 124 Extra"]
[Source "ChessBase"]
[SourceDate "2008.07.03"]
[SourceVersion "1"]
[SourceVersionDate "2008.07.03"]
[SourceQuality "1"]

1. e4 e6 2. Nf3 d5 3. exd5 exd5 4. c4 Nf6 5. cxd5 Nxd5 6. Nc3 Be7 7. Bc4 Nb6 8. Bb3 0-0 9. 0-0 Nc6 10. Re1 Bf6 11. Ne4 Bg4 12. h3 Bh5 13. d3 a5 14. Be3 a4 15. Bxb6 axb3 16. Bc5 Bxb2 17. Qxb3 Bxa1 18. Bxf8 Bxf3 19. gxf3 Nd4 20. Qb1 Nxf3+ 21. Kf1 Nxe1 22. Qxa1 Qxd3+ 23. Kg1 Nf3+ 24. Kg2 Rxf8 25. Nc5 Qd5 26. Nb3 0-1

[Event "GER-ch op U25"]
[Site "Willingen"]
[Date "2006.06.05"]
[Round "4"]
[White "Knickel, Aaron"]
[Black "Elser, Niklas"]
[Result "1/2-1/2"]
[WhiteElo "2007"]
[BlackElo "1709"]
[PlyCount "117"]
[EventDate "2006.06.04"]
[EventType "swiss"]
[EventRounds "9"]
[EventCountry "GER"]
[SourceTitle "EXT 2007"]
[Source "ChessBase"]
[SourceDate "2006.11.23"]
[SourceVersion "1"]
[SourceVersionDate "2006.11.23"]
[SourceQuality "1"]

1. e4 c5 2. Nf3 e6 3. d4 cxd4 4. Nxd4 Nf6 5. Nc3 d6 6. Be2 a6 7. a4 Be7 8. 0-0 Nbd7 9. f4 Qc7 10. Bf3 Nb6 11. Qe1 e5 12. Nf5 Bf8 13. Qg3 g6 14. fxe5 dxe5 15. Bg5 Nfd7 16. Nh6 f6 17. Be3 Bb4 18. Bg4 Bxc3 19. bxc3 Rf8 20. Bc1 Nc4 21. Be2 Nd6 22. Ba3 Nxe4 23. Qe3 Nec5 24. h4 f5 25. Bc4 Rf6 26. Ng4 fxg4 27. Rxf6 Nxf6 28. Qxc5 Qxc5+ 29. Bxc5 Bf5 30. Re1 Nd7 31. Bb4 Bxc2 32. a5 Bf5 33. Bd5 0-0-0 34. g3 Re8 35. Bd6 Nf6 36. Bf7 Rd8 37. Be7 Rd7 38. Rxe5 Rd1+ 39. Kg2 Rd2+ 40. Kf1 Ne4 41. Ke1 Rg2 42. Be6+ Bxe6 43. Rxe4 Kd7 44. Bc5 Rxg3 45. Re3 Rf3 46. Rxf3 gxf3 47. Kf2 Bd5 48. Ke3 Ke6 49. Kf4 h6 50. Bd4 Bc6 51. Bb6 Kd6 52. Bd4 b5 53. Ke3 g5 54. hxg5 hxg5 55. Bf6 g4 56. Kf2 Kd5 57. Bg7 Kc4 58. Bf6 Kd3 59. Be5 1/2-1/2

[Event "GER-ch op U25"]
[Site "Willingen"]
[Date "2006.06.04"]
[Round "1"]
[White "Elser, Niklas"]
[Black "Bruehan, Jan"]
[Result "1-0"]
[WhiteElo "1709"]
[BlackElo "1007"]
[PlyCount "91"]
[EventDate "2006.06.04"]
[EventType "swiss"]
[EventRounds "9"]
[EventCountry "GER"]
[SourceTitle "EXT 2007"]
[Source "ChessBase"]
[SourceDate "2006.11.23"]
[SourceVersion "1"]
[SourceVersionDate "2006.11.23"]
[SourceQuality "1"]

1. e4 e5 2. Nf3 Nc6 3. d4 exd4 4. Nxd4 Nxd4 5. Qxd4 Nf6 6. Bg5 h6 7. Bh4 g5 8. Bg3 Qe7 9. Nd2 c5 10. Qe3 h5 11. h4 g4 12. Bd3 Bh6 13. Bf4 Bxf4 14. Qxf4 d6 15. Nc4 Be6 16. Nxd6+ Kf8 17. f3 Rd8 18. Nxb7 Rd7 19. Nxc5 Qxc5 20. 0-0-0 Ne8 21. Qg5 Qxg5+ 22. hxg5 gxf3 23. gxf3 f6 24. Rdg1 h4 25. Bb5 Rg7 26. Bxe8 Kxe8 27. gxf6 Rxg1+ 28. Rxg1 h3 29. Rh1 Bxa2 30. b3 h2 31. Kb2 Bxb3 32. cxb3 Kf7 33. e5 Rh5 34. f4 Rh4 35. Kc3 Rxf4 36. Rxh2 Rf5 37. Rh7+ Ke6 38. Re7+ Kd5 39. f7 a5 40. e6 Rf3+ 41. Kb2 Rf2+ 42. Ka3 Rf6 43. Re8 Kd4 44. f8Q Rg6 45. Rd8+ Kc3 46. Qc5# 1-0

[Event "NRW U18 op"]
[Site "Olpe"]
[Date "2005.10.04"]
[Round "7.16"]
[White "Trippe, Robin"]
[Black "Elser, Niklas"]
[Result "0-1"]
[WhiteElo "1723"]
[BlackElo "1639"]
[PlyCount "88"]
[EventDate "2005.10.01"]
[EventType "swiss"]
[EventRounds "7"]
[EventCountry "GER"]
[SourceTitle "CBM 108 Extra"]
[Source "ChessBase"]
[SourceDate "2005.11.04"]
[SourceVersion "1"]
[SourceVersionDate "2005.11.04"]
[SourceQuality "1"]

1. d4 Nf6 2. Bg5 d5 3. Bxf6 exf6 4. e3 Bd6 5. Nf3 c6 6. c4 Bg4 7. Nc3 dxc4 8. Bxc4 0-0 9. 0-0 Nd7 10. Rc1 Qa5 11. a3 Qh5 12. h3 Bxf3 13. Qxf3 Qxf3 14. gxf3 Nb6 15. Ne4 Rad8 16. Bb3 f5 17. Nc5 Bxc5 18. Rxc5 f4 19. Rf5 fxe3 20. fxe3 g6 21. Re5 Rfe8 22. Rxe8+ Rxe8 23. e4 Kg7 24. Kf2 Nd7 25. Ke3 f6 26. f4 Re7 27. e5 c5 28. dxc5 fxe5 29. fxe5 Nxe5 30. Kd4 g5 31. Bd5 Ng6 32. b4 Nf4 33. Bxb7 Rxb7 34. c6 Re7 35. Kc5 Kf7 36. Kd6 Ke8 37. c7 Re6+ 38. Kc5 Kd7 39. Rg1 Re5+ 40. Kd4 Rd5+ 41. Ke4 Kxc7 42. h4 h6 43. hxg5 hxg5 44. Rg3 Kd6 0-1

[Event "NRW U18 op"]
[Site "Olpe"]
[Date "2005.10.02"]
[Round "3.25"]
[White "Elser, Niklas"]
[Black "Luetzler, Markus"]
[Result "0-1"]
[WhiteElo "1639"]
[BlackElo "1406"]
[PlyCount "44"]
[EventDate "2005.10.01"]
[EventType "swiss"]
[EventRounds "7"]
[EventCountry "GER"]
[SourceTitle "CBM 108 Extra"]
[Source "ChessBase"]
[SourceDate "2005.11.04"]
[SourceVersion "1"]
[SourceVersionDate "2005.11.04"]
[SourceQuality "1"]

1. e4 e5 2. Nf3 Nc6 3. Bc4 Bc5 4. c3 Nf6 5. d4 exd4 6. cxd4 Bb4+ 7. Bd2 Bxd2+ 8. Nbxd2 d6 9. 0-0 0-0 10. h3 Nh5 11. d5 Ne7 12. Nd4 Nf4 13. Qf3 Neg6 14. Nf5 Qf6 15. g4 Qe5 16. Qg3 a6 17. h4 b5 18. Bd3 Nxd3 19. Qxd3 Qf4 20. f3 Bxf5 21. gxf5 Qg3+ 22. Kh1 Qxh4+ 0-1

[Event "NRW U18 op"]
[Site "Olpe"]
[Date "2005.10.01"]
[Round "2.25"]
[White "Liebsch, Eva"]
[Black "Elser, Niklas"]
[Result "0-1"]
[WhiteElo "1237"]
[BlackElo "1639"]
[PlyCount "54"]
[EventDate "2005.10.01"]
[EventType "swiss"]
[EventRounds "7"]
[EventCountry "GER"]
[SourceTitle "CBM 108 Extra"]
[Source "ChessBase"]
[SourceDate "2005.11.04"]
[SourceVersion "1"]
[SourceVersionDate "2005.11.04"]
[SourceQuality "1"]

1. e4 c5 2. Nc3 e6 3. Nf3 a6 4. Be2 Qc7 5. d3 Nc6 6. Be3 b6 7. Qd2 Bb7 8. Bf4 d6 9. a3 Nf6 10. 0-0 Be7 11. Rfd1 Nd7 12. Qe3 Nde5 13. Rd2 Ng4 14. Rad1 Nxe3 15. fxe3 Rd8 16. d4 cxd4 17. exd4 Nxd4 18. Nxd4 e5 19. Bxe5 dxe5 20. Nf5 Rxd2 21. Rxd2 0-0 22. Nd5 Bxd5 23. Rxd5 Bf6 24. Bxa6 Qxc2 25. Rb5 Qxe4 26. Ng3 Qe1+ 27. Nf1 e4 0-1

[Event "Goch op 15th"]
[Site "Goch"]
[Date "2004.10.02"]
[Round "5"]
[White "Klas, Guenther"]
[Black "Elser, Niklas"]
[Result "0-1"]
[WhiteElo "1465"]
[BlackElo "1530"]
[PlyCount "68"]
[EventDate "2004.09.30"]
[EventType "swiss"]
[EventRounds "7"]
[EventCountry "GER"]
[SourceTitle "EXT 2006"]
[Source "ChessBase"]
[SourceDate "2005.11.24"]
[SourceVersion "1"]
[SourceVersionDate "2005.11.24"]
[SourceQuality "1"]

1. e4 c5 2. f4 Nc6 3. Nf3 e6 4. b3 d5 5. exd5 exd5 6. Bb5 Qc7 7. 0-0 Bd6 8. Nc3 Nge7 9. Bxc6+ Qxc6 10. Ne5 Qc7 11. Nb5 Qb6 12. Nxd6+ Qxd6 13. Qe2 f6 14. Nd3 0-0 15. Ba3 b6 16. Rae1 Nc6 17. Qf2 Ba6 18. Re3 Nd4 19. Rc1 Bxd3 20. Rxd3 Qxf4 21. Rf1 Qxf2+ 22. Rxf2 Nxc2 23. Bb2 Nb4 24. Re3 Rae8 25. Rfe2 Rxe3 26. Rxe3 Kf7 27. a3 Nc6 28. Kf2 Re8 29. Rh3 h6 30. Rh5 Ne5 31. Rh3 d4 32. Rg3 g5 33. Rh3 f5 34. Kf1 Kg6 0-1

[Event "Goch op 15th"]
[Site "Goch"]
[Date "2004.09.30"]
[Round "1"]
[White "Elser, Niklas"]
[Black "Ayad, Amin"]
[Result "0-1"]
[WhiteElo "1530"]
[BlackElo "2076"]
[PlyCount "48"]
[EventDate "2004.09.30"]
[EventType "swiss"]
[EventRounds "7"]
[EventCountry "GER"]
[SourceTitle "EXT 2006"]
[Source "ChessBase"]
[SourceDate "2005.11.24"]
[SourceVersion "1"]
[SourceVersionDate "2005.11.24"]
[SourceQuality "1"]

1. e4 c5 2. Nf3 Nc6 3. d4 cxd4 4. Nxd4 Nf6 5. Nc3 e5 6. Ndb5 d6 7. Bg5 a6 8. Bxf6 gxf6 9. Na3 b5 10. Nd5 f5 11. exf5 Bxf5 12. c3 Bg7 13. Qf3 Be6 14. Nf6+ Bxf6 15. Qxc6+ Kf8 16. Rd1 Be7 17. c4 Qa5+ 18. Rd2 Rc8 19. Qf3 Bg5 20. Nb1 Bxd2+ 21. Nxd2 bxc4 22. Qf6 Rg8 23. Be2 Rxg2 24. Bh5 Rg7 0-1

[Event "Duisburg Grossenbaum op"]
[Site "Duisburg"]
[Date "2004.05.30"]
[Round "4"]
[White "Glenzer, Andre"]
[Black "Elser, Niklas"]
[Result "1-0"]
[WhiteElo "1769"]
[BlackElo "1237"]
[PlyCount "57"]
[EventDate "2004.05.28"]
[EventType "swiss"]
[EventRounds "7"]
[EventCountry "GER"]
[SourceTitle "EXT 2006"]
[Source "ChessBase"]
[SourceDate "2005.11.24"]
[SourceVersion "1"]
[SourceVersionDate "2005.11.24"]
[SourceQuality "1"]

1. d4 d5 2. c4 c6 3. Nc3 e6 4. Nf3 dxc4 5. e4 b5 6. a3 Bb7 7. g3 Nf6 8. Bg2 Be7 9. 0-0 0-0 10. Re1 Nbd7 11. b3 Nb6 12. Be3 cxb3 13. Qxb3 a5 14. Ne5 b4 15. Na4 Nbd7 16. Nd3 Ba6 17. Rad1 Rb8 18. Bf4 Rb7 19. Ndc5 Nxc5 20. Nxc5 Bxc5 21. dxc5 Qc8 22. Bd6 Rd8 23. Rd4 bxa3 24. Qxa3 Rb5 25. Ra4 Qb7 26. Qa1 h6 27. Rxa5 Rxa5 28. Qxa5 Qb5 29. Qxd8+ 1-0